Statistiques concernant Verbes anglais irréguliers à traduire au prétérit

Cliquez ici pour prendre le quiz!

Statistiques générales

  • Ce quiz a été pris 215 fois
  • Le résultat moyen est 12 sur 15

Statistiques - réponses

Verbes en françaisLeurs traductions en anglaisLa conjuguaison au prétérit% Correct
MangerEatAte
100%
Se réveillerAwakeAwoke
100%
DevenirBecomeBecame
100%
AcheterBuyBought
100%
BrûlerBurnBurnt
100%
AttraperCatchCaught
100%
CouperCutCut
100%
RessentirFeelFelt
100%
ObtenirGetGot
100%
CacherHideHid
100%
GarderKeepKept
100%
SavoirKnowKnew
100%
Faire / CréerMakeMade
100%
RencontrerMeetMet
100%
SurmonterOvercomeOvercame
100%
ChanterSingSang
100%
S'asseoirSitSat
100%
VoirSeeSaw
100%
VolerStealStole
100%
ComprendreUnderstandUnderstood
100%
GagnerWinWon
100%
EclaterBurstBurst
95%
ConduireDriveDrove
95%
AvoirHaveHad
95%
PerdreLoseLost
95%
Fixer / Etablir (des règles)SetSet
95%
BattreBeatBeat
94%
ParierBetBet
94%
CasserBreakBroke
94%
ConstruireBuildBuilt
94%
VenirComeCame
94%
Distribuer des rôlesCastCast
94%
LaisserLetLet
94%
MettrePutPut
94%
ÊtreBeWas
94%
DessinerDrawDrew
93%
ParlerSpeakSpoke
93%
CommencerBeginBegan
92%
FaireDoDid
92%
TrouverFindFound
92%
BlesserHurtHurt
92%
CoûterCostCost
91%
CourirRunRan
91%
SonnerRingRang
91%
DormirSleepSlept
91%
PrendreTakeTook
91%
Souffler / GonflerBlewBlow
90%
BoireDrinkDrank
90%
Tirer (avec une arme)ShootShot
90%
OublierForgiveForgave
89%
GlisserSlideSlid
89%
NagerSwimSwam
89%
MordreBiteBite
88%
DonnerGiveGave
88%
GrandirGrowGrew
88%
Se débarasserRidRid
88%
EcrireWriteWrote
88%
Faire une offreBidBid
87%
Sentir (avec son nez)SmellSmelt
87%
QuitterQuitQuit
86%
LireReadRead
86%
ChoisirChooseChose
84%
ApprendreLearnLearnt
84%
Laisser / QuitterLeaveLeft
84%
Jeter / LancerThrewThrow
84%
Elever (des animaux)BreedBred
83%
FermerShutShut
83%
AllerGoWent
83%
NourrirFeedFed
82%
Se battre / CombattreFightFought
82%
FrapperHitHit
82%
CoulerSinkSank
82%
DépenserSpendSpent
82%
DireSaySaid
81%
Être deboutStandStood
81%
PlierBendBent
80%
Porter / SupporterBearBore
80%
PouvoirCanCould
80%
Monter (à vélo / à cheval)RideRode
80%
VendreSellSold
80%
BalayerSweepSwept
80%
PlongerDiveDove
79%
Voler (avec des ailes)FlyFlew
79%
Poser / EtendreLayLaid
79%
EnvoyerSendSent
79%
RaconterTellTold
79%
MouillerWetWet
79%
PendreHangHung
78%
RéveillerWakeWoke
77%
RêverDreamDreamt
76%
SecouerShakeShook
76%
PayerPayPaid
75%
DiffuserSpreadSpread
75%
PenserThinkThought
75%
Diffuser (à la télévision)BroadcastBroadcast
73%
Distribuer / DealerDealDealt
73%
GelerFreezeFroze
73%
PrêterLendLent
73%
SignifierMeanMeant
73%
Programmer / Pré-réglerPresetPreset
73%
TenirHoldHeld
72%
SurvenirAriseArose
71%
TomberFallFell
71%
AccélererSpeedSped
71%
CracherSpitSpit
71%
DéchirerTearTore
71%
MenerLeadLed
69%
SaignerBkeedBled
68%
ApporterBringBrought
68%
JurerSwearSwore
67%
Se balancerSwingSwung
67%
DiviserSplitSplit
64%
EpelerSpellSpelt
63%
PuerStinkStank
63%
BrillerShineShone
62%
Porter (des vêtements)WearWore
60%
CreuserDigDug
59%
InterdireForbidForbade
59%
S'incliner / Se pencherLeanLeant
58%
AllumerLightLit
58%
MontrerShowShowed
57%
Coller / Se coincerStickStuck
57%
PiquerStingStung
55%
EntendreHearHeard
54%
GâcherSpoilSpoilt
53%
Suer / TranspirerSweatSweat
53%
Prévoir / PrésentirForeseeForesaw
50%
S'agenouillerKneelKnelt
50%
EnseignerTeachTought
46%
FuirFleeFled
33%
ProuverProveProved
33%
Abandonner / Renoncer àForsakeForsook
17%
Tuer / MassacrerSlaySlew
0%

Distribution des résultats

Percentile par nombre de réponses

% des personnes avec chaque résultat

Votre développement - résultats

Vous n’avez pas pris ce quiz